Les 20 meilleurs buteurs de ligue 1 - Saisons 2020-2021 - Statistiques

Statistiques générales
  • Ce quiz a été pris 127 fois
  • Le résultat moyen est 14 sur 20
Statistiques - réponses
Joueurs Club Nationalité Nbr de matchs Nbr de buts % Correct
1 Kylian Mbappé PSG France 31 27
100%
2 Memphis Depay Lyon Pays-bas 37 20
98%
2 Wissam Ben Yedder Monaco France 37 20
97%
4 Burak Yilmaz Lille Turquie 28 16
90%
13 Jonathan David Lille Canada 37 13
89%
8 Andy Delort Montpellier Algérie 30 15
88%
10 Karl Toko Ekambi Lyon Cameroun 35 14
86%
5 Kévin Volland Monaco Allemagne 35 16
85%
7 Gaetan Laborde Montpellier France 38 16
84%
5 Ludovic Ajorque Strasbourg France 35 16
81%
9 Terem Moffi Lorient Nigeria 32 14
69%
19 Tino Kadewere Lyon Zimbabwe 33 10
65%
12 Moise Kean PSG Italie 26 13
64%
15 Ui-jo Hwang Bordeaux Corée du sud 36 12
63%
11 Boulaye Dia Reims Sénégal 36 14
58%
20 Ludovic Blas Nantes France 36 10
58%
14 Amine Gouiri Nice France 34 12
50%
16 Gael Kakuta Lens RD Congo 35 11
45%
17 Renaud Ripart Nimes France 38 11
35%
18 Serhou Guirassy Rennes France 27 10
19%
Aucun quiz correspondant
Distribution des résultats
% des personnes avec chaque résultat
Percentile par nombre de réponses
Votre historique - résultats
Vous n’avez pas pris ce quiz